| 000 | 01013nam a22002770a 4500 | ||
|---|---|---|---|
| 001 | PT2898 | ||
| 003 | AR-LpoUNG | ||
| 005 | 20250130115816.0 | ||
| 008 | 191001s1992||||xxu|||||||||||||||||eng d | ||
| 020 |
_a0194370771 _c$30 |
||
| 040 |
_aAR-LpoUNG _bspa _cAR-LpoUNG _eaacr |
||
| 041 | 0 | _aeng | |
| 044 | _axxu | ||
| 082 | 0 | _a407 638tea | |
| 100 | 1 | _aWiddowson, H.G. | |
| 245 | 1 | 0 | _aTeaching language as communication |
| 250 | _a9na. ed. | ||
| 260 |
_aOxford : _bOxford University, _c1992. |
||
| 300 |
_a168 p. : _bgráfs., il. |
||
| 520 | _aEl autor desempeña un importante y pionero rol en el desarrollo en la teoría de enseñanza del lenguaje cominicacional. El presente trabajo desarrolla una aproximación racional a la enseñanza del lenguaje de la comunicación basados en consideraciones tales como la naturaleza del lenguaje y usuarios de actividades del lenguaje. | ||
| 650 | 4 | _aENSEÑANZA DE IDIOMAS | |
| 650 | 4 | _aLINGÜISTICA | |
| 650 | 4 | _aSEMIOTICA | |
| 905 | _a2898 | ||
| 942 |
_cLIB _2ddc |
||
| 999 |
_c6584 _d6584 |
||